Historia - wiedza ogólna #8 - Statystyki

Ogólne statystyki
  • Ten quiz został rozwiązany 206 razy
    52 od ostatniego zresetowania
  • Średni wynik to 11 z 20
Statystyki odpowiedzi
Pytanie Odpowiedź % Poprawnych
Jak nazywano elitarną formację konną wykorzystywaną przez Polaków od XVI do XVIII w? Husaria
91%
Kto powiedział "kości zostały rzucone", gdy przekraczał rzekę Rubikon? Juliusz Cezar
91%
Która choroba zabiła ponad 3% światowej populacji w latach 1918-1919? Hiszpańska grypa
87%
Który Polski władca sprowadził do walki z pogańskimi plemionami pruskimi krzyżaków? Konrad Mazowiecki
71%
Który premier Polski zmarł w niejasnym wypadku samolotu nad Gibraltarem podczas II wojny światowej? Władysław Sikorski
71%
Jaki niepochlebny przydomek nadano angielskiej królowej Marii I? {Krwawa} Maria
67%
Które państwo zostało podzielone w pobliżu 38. równoleżnika w 1953 roku? Korea
62%
Który polski polityk wprowadził kontrowersyjną reformę polegającą na szerokiej prywatyzacji przedsiębiorstw państwowych? Lech Balcerowicz
56%
Jak nazywa się obszar Bliskiego Wschodu, na którym najwcześniej doszło do rewolucji neolitycznej? {Żyzny} Półksiężyc
53%
Jak nazywa się pekiński plac, na którym w 1989 r. doszło do serii protestów przeciwko rządowi? Plac {Niebiańskiego Spokoju}
51%
Kto był głównym autorem deklaracji nidodległości Stanów Zjednoczonych? Thomas Jefferson
51%
Kto był jednym z 12 skazanych na śmierć niemieckich zbrodniarzy wojennych w Norymberze, który na dzień przed wykonaniem egzekucji popełnił samobójstwo? Hermann Göring
49%
Jak nazywa się partia polityczna, z którą połączyła się PPR w 1948 roku, w wyniku czego powstało PZPR? Polska Partia Socjalistyczna
49%
Jaką chorobę weneryczną Nowy Świat (prawdopodobnie) dał Europie pod koniec XV. wieku? Kiła
47%
Jaki atol zyskał rozgłos po tym, jak Stany Zjednoczone przeprowadził tam ponad 20 prób z bronią jądrową? Bikini
44%
Kogo Sirhan Sirhan zamordował w Los Angeles w 1968 roku? Robert Kennedy
40%
Jak nazywa się kraj, którego dyktatorem był Idi Amin? Uganda
40%
Jak nazywano bunt szlachty polskiej przeciwko królowi w 1768 roku? Konfederacja barska
31%
Jak nazywa się miasto w którym Polska zawarła rozejm z Szwecją w wojnie o Inflanty 10 sierpnia 1622 roku? Mitawa
11%
Jak nazywał się margrabia marchii północnej, który poległ w bitwie pod Cedynią w 972 roku? Zygfryd von Walbeck
2%
Nie znaleziono quizów pasujących do podanych kryteriów
Rozkład punktacji
Procent ludzi z każdym wynikiem
Percentyl według liczby udzielonych odpowiedzi
Twoja historia wyników
Nie rozwiązałeś tego quizu od ostatniego zresetowania